000 00177 a2200097 4500
001 2280
100 _aMolloy, E
245 _aEng
260 _a
_bNewnes
_c
090 _c1652
_d1652
942 _aNUST-CAE
_cM
_c7247
999 _c237353
_d237353